Fr. Conceicao Rodrigues College of Engineering

Discrete Mathematics and its applications with combinatorics and graph theory (Record no. 20198)

MARC details
000 -LEADER
fixed length control field 00447nam a2200181Ia 4500
082 ## - DEWEY DECIMAL CLASSIFICATION NUMBER
Classification number 510
Item number ROS
100 ## - MAIN ENTRY--PERSONAL NAME
Personal name Rosen/Kenneth H
250 ## - EDITION STATEMENT
Edition statement 7
245 ## - TITLE STATEMENT
Title Discrete Mathematics and its applications with combinatorics and graph theory
260 ## - PUBLICATION, DISTRIBUTION, ETC.
Name of publisher, distributor, etc. Tata Mc Graw hill Ltd.
Date of publication, distribution, etc. 2011
366 ## - TRADE AVAILABILITY INFORMATION
Publishers's discount category 25
300 ## - PHYSICAL DESCRIPTION
Extent 843
546 ## - LANGUAGE NOTE
Language note ENGLISH
-- production
650 ## - SUBJECT ADDED ENTRY--TOPICAL TERM
Topical term or geographic name entry element Mathematics
654 ## - SUBJECT ADDED ENTRY--FACETED TOPICAL TERMS
Focus term discrete mathematics
942 ## - ADDED ENTRY ELEMENTS (KOHA)
Koha item type BOOK
Holdings
Withdrawn status Lost status Damaged status Not for loan Collection Home library Current library Date acquired Source of acquisition Cost, normal purchase price Inventory number Total Checkouts Full call number Barcode Date last seen Cost, replacement price Price effective from Koha item type
        CRC Fr. Agnel's C.Rodrigues College of Engineering Fr. Agnel's C.Rodrigues College of Engineering 17/03/2023 Allied Publishers 412.50 3536 dt 21/03/2012   510 ROS 22022 17/03/2023 550.00   BOOK